The blessings of motherhood Health, pregnancy and child care in Dominica
The book was directed to answering the question at the level of the local community.
שמור ב:
| מחבר ראשי: | |
|---|---|
| פורמט: | ספר |
| שפה: | Undetermined |
| יצא לאור: |
London
Het Spinhuis
1994
|
| נושאים: | |
| תגים: |
הוספת תג
אין תגיות, היה/י הראשונ/ה לתייג את הרשומה!
|
| Thư viện lưu trữ: | Trung tâm Học liệu Trường Đại học Cần Thơ |
|---|
| LEADER | 00670nam a2200217Ia 4500 | ||
|---|---|---|---|
| 001 | CTU_14788 | ||
| 008 | 210402s9999 xx 000 0 und d | ||
| 020 | |b 62.74df | ||
| 082 | |a 610.73 | ||
| 082 | |b K94 | ||
| 100 | |a Anja Krumeich | ||
| 245 | 4 | |a The blessings of motherhood | |
| 245 | 0 | |b Health, pregnancy and child care in Dominica | |
| 245 | 0 | |c Anja Krumeich | |
| 260 | |a London | ||
| 260 | |b Het Spinhuis | ||
| 260 | |c 1994 | ||
| 520 | |a The book was directed to answering the question at the level of the local community. | ||
| 650 | |a nursing care | ||
| 904 | |i Nguyễn Quang Điền, 970107 | ||
| 980 | |a Trung tâm Học liệu Trường Đại học Cần Thơ | ||